Catalogue de la Bibliothèque de l'ENSA

Les papillons de jour du Maroc (notice nᵒ 23170)

détails MARC
000 -LEADER
fixed length control field 00624nam a2200193zi 4500
005 - DATE AND TIME OF LATEST TRANSACTION
control field 20171128073702.0
020 ## - ISBN
ISBN 978-2-914817-16-5
037 ## - SOURCE D'ACQUISITION
Cote BC_683 02
Forme de support Autres
040 ## - SOURCE DU CATALOGAGE
Origine cataloguage BC-ENSA
Langue du catalogage fre
041 ## - CODE DE LANGUE
Langue Français
100 ## - VEDETTE PRINCIPALE - AUTEUR PRINCIPAL
Auteur TARRIER, Michel R.
245 ## - MENTION DU TITRE
Titre Les papillons de jour du Maroc
Complément de titre guide d'identification et de bio-indication
260 ## - PUBLICATION, DIFFUSION, ETC. (ADRESSE BIBLIOGRAPHIQUE)
Lieu d'édition Paris
Nom de l'éditeur BIOTOPE
Année d'édition 2008
300 ## - DESCRIPTION MATÉRIELLE
Nombre de pages 480 p.
Illustration ill. en coul.
Format 24 cm
562 ## - NOTE D'IDENTIFICATION DES EXEMPLAIRES ET VERSIONS
Numbre d' exemplaire 01 exemplaire
942 ## - ADDED ENTRY ELEMENTS (KOHA)
Type document Ouvrage
490 ## - MENTION DE COLLECTION
Titre Collection Parthénope
653 ## - DESCRIPTEUR LIBRE
Mots clés libres LEPIDOPTERA/MAROC/IDENTIFICATION/ANIMAL INDICATEUR/BIODIVERSITE/PIERIDAE/LYCAENIDAE/NYMPHALIDAE
Exemplaires
statut de retrait Statut emplacement permanent Localisation actuelle Cote code à barre Koha type d'élément
    Bibliothèque Centrale Bibliothèque Centrale BC_683 02 BC_683 02 Ouvrage

Adresse: Ecole Nationale Supérieure Agronomique Hassen Badi - El Harrach Alger, Algérie

Tél +213 (0) 23 82 85 07+213 (0) 23 82 85 12 Fax +213 23 82 85 03/04 Courriel: bibliotheque@edu.ensa.dz